Alcool A-Z - Statistiques

Statistiques générales
  • Ce quiz a été pris 2 778 fois
    1 325 depuis la dernière actualisation
  • Le résultat moyen est 16 sur 54
Statistiques - réponses
Définition Réponse % Correct
Souvent 27 ou 31 Get
78%
Boisson titrant souvent 40 degrés transparente Vodka
77%
Souvent constituée d'orge et de houblon minimum Bière
76%
Produit de Marseille Ricard
76%
Se boit souvent avec du Schweppes Tonic Gin
70%
On la consomme en shot avec un citron et du sel par exemple Téquila
62%
Cubain, blanc, ou ambré, cet alcool sonne comme une ville Rhum
61%
_ _ _ _ _ Coffee Irish
58%
Bière européenne la plus consommée, également 7eme mondiale Heineken
54%
Alcool à base d'amande Amaretto
52%
Bière d'origine française mais sonnant espagnole Desperados
51%
Citron, Cassonnade, Menthe, Havana, Glace pilée et Perrier Mojito
49%
Liqueur italienne alliant citron jaune, eau, sucre et alcool, entre 18°et 34° Limoncello
48%
Alcool d'origine celtique Whisky
47%
Cet alcool, désigne aussi une ville du pays de Cristiano Ronaldo Porto
42%
Année de fondation de la marque Kronenbourg 1664
36%
Les chiffres de cette marque correspond à son pourcentage 8.6
36%
Cocktail avec Tomate, sel, poivre, sel de céleri, Sauce Worcester Bloody Mary
35%
Gin, Vermouth blanc, sirop orgeat et citron compose le shot qui a fait sombrer le Titanic Iceberg
35%
Liqueur a 55° provenant de l'Isère contenant 130 plantes Chartreuse
34%
De la crème de noix de coco est indispensable à la réalisation de ce cocktail Pina Colada
34%
Spiritueux au plus haut taux, contenant anis, fenouil, mélisse... Absinthe
33%
Marque cubaine créée en 1878 Havana Club
33%
Bière belge allant jusqu'à 9° Leffe
31%
Distillateur américain qui a donner son nom à l'alcool Jack Daniel
30%
Cerise en allemand, alcool 40° minima Kirsch
29%
Liqueur titrant 35° est à base de plantes aromatiques et médicinales Jager Meister
27%
Cépage blanc de Bourgogne Chardonnay
23%
D'après son nom, en consommer devrait être bon pour la santé.. ou pas Eau-de-vie
21%
Agrume japonais existant en liqueur Yuzu
20%
Grand Marnier, Baileys et Téquila forme un shot, verbe du son de la fermeture éclair Zipper
20%
Get, téquila (optionnel) et Baileys donne un nom original pour un shooter Orgasme
19%
Amaretto, alcool (style Poliakov), pamplemousse ... coup de boxe Uppercut
17%
Liqueur de Gentiane en 4 lettres et née dans les Pyrénées Orientales Suze
16%
Dernière en espagnole, marque de Téquila....et de croquette Ultima
15%
El _ _ _ _ _ _, fait avec du tabasco, cassis, citron vert, glace, téquila et Ginger ale Diablo
14%
Du Vermouth Rouge, du bitter Campari, du gin, et 1 zeste de citron Negroni
14%
Eau de vie mexicaine à l'agave Mezcal
12%
Le _ _ _ _ _ dépend du cocktail demandé Verre
12%
Alcool anisé + coca (synonyme mazout) Fuel
9%
Vin blanc andalous Xeres
9%
Bière d'origine alsacienne Fischer
7%
Liqueur de café pour le B52 Kahlua
7%
Commun à l'olive, l'abricot, la pêche et la cerise, on la consomme en liqueur Noyaux
7%
La bière Cusqueña contient cette céréale Quinoa
7%
Liqueur d'orange proche du Curaçao Triple sec
6%
Boisson polonaise Zubrowka
4%
Eau de vie a base de prune bleue Quetsche
3%
Alcool inflammable à l'anis étoilé Sambuca
2%
Le plus fort des Get avec un volume de 37,5° X Cold
2%
Jus d'ananas et Sambuca qui flambe donne se shooter Eruption
1%
Ingrédient particulier de la Liqueur BOLS, idéal pour les long drinks et les cocktails Yaourt
1%
Cocktail a base de fraise (sirop et crème), pêche, Gin et jus d'Ananas Opéra
0%
Nom du Shooter composé de rhum, téquila et gingembre en poudre WarmUp
0%
Aucun quiz correspondant
Distribution des résultats
% des personnes avec chaque résultat
Percentile par nombre de réponses
Votre historique - résultats
Vous n’avez pas pris ce quiz depuis la dernière actualisation